| 000 | 01384nam a2200277Ia 4500 | ||
|---|---|---|---|
| 003 | OSt | ||
| 005 | 20250410130207.0 | ||
| 008 | 191128s2010 ck jr 000 f spa d | ||
| 020 | _a9789588294742 | ||
| 040 |
_aCO-JMCR _cCO-JMCR |
||
| 041 | 0 | _aspa | |
| 082 | 0 | 4 |
_aA-N _2ARIs |
| 100 | 1 |
_aArias, Andrés, _eautor _91494 |
|
| 245 | 1 | 0 |
_aSuicídame / _cAndrés Arias |
| 250 | _aPrimera edición | ||
| 260 |
_aBogotá : _bEdiciones B, _c2010 |
||
| 300 |
_a262 páginas ; _c23 cm. |
||
| 490 | 0 | _aFiccionario | |
| 500 | _aIncluye datos biográficos del autor | ||
| 520 | _aLa joven practicante de periodismo, Margarita Carrillo, ha desaparecido. Antonio Fandiño, el editor de la revista donde ella hacía su práctica, se ha visto obligado a renunciar, y su esposa y su hijo lo han relegado al último cuarto de la casa, desde donde escribe estas líneas. Todo indica que tras la desaparición de la joven están las fuerzas oscuras del Gobierno, un régimen corrupto que se ha hecho reelegir con métodos espurios y que, sin embargo, goza de una amplia aceptación popular. La revista y su director, una vieja gloria del periodismo nacional, apoyan sin ambigüedades al Gobierno y sus métodos. | ||
| 650 | 1 | 4 |
_aNovela colombiana _91495 |
| 650 | 1 | 4 |
_aPeriodismo _xnovela _91496 |
| 650 | 1 | 4 |
_aDesaparecidos _xnovela _91497 |
| 650 | 1 | 4 |
_aMisterio _xnovela _91498 |
| 942 |
_2ddc _cBK |
||
| 999 |
_c3778 _d3778 |
||